Ekonómia v novej ekonomike metodická pomôcka na semináre

Guardado en:
Detalles Bibliográficos
Autor principal: Táncošová, Judita
Otros Autores: Hontyová, Kajetána, Martincová, Marta, 1955-, Matoušková, Eleonóra, 1962-, Muchová, Eva, 1961-, Piovarčiová, Veronika, 1951-
Formato: Libro
Lenguaje:eslovaco
Publicado: Bratislava IURA EDITION 2005
Colección:Ekonómia
Materias:
Etiquetas: Agregar Etiqueta
Sin Etiquetas, Sea el primero en etiquetar este registro!

MARC

LEADER 00000nam$a2200000$$$4500
001 0034021
005 20240502071442.6
020 |a 80-8078-064-1 
041 0 |a slo 
044 |a SK 
245 1 0 |a Ekonómia v novej ekonomike  |b metodická pomôcka na semináre  |c Judita Táncošová a kolektív 
264 1 |a Bratislava  |b IURA EDITION  |c 2005 
300 |a 79 s. 
490 1 |a Ekonómia 
830 0 |a Ekonómia 
610 2 0 |a ekonómia 
610 2 0 |a veda ekonomická 
610 2 0 |a ekonomika nová 
610 2 0 |a teórie ekonomické 
610 2 0 |a myslenie ekonomické 
610 2 0 |a metodika 
100 1 |a Táncošová, Judita 
700 1 |a Hontyová, Kajetána 
700 1 |a Martincová, Marta, 1955- 
700 1 |a Matoušková, Eleonóra, 1962- 
700 1 |a Muchová, Eva, 1961- 
700 1 |a Piovarčiová, Veronika, 1951-